000 00912nam a2200277 a 4500
001 57554
003 BD-RjUL
005 20211209080527.0
008 161210s1996 caua b 001 0 eng d
020 _a0761905626 (cloth)
020 _a0761905634 (pap.)
035 _a(BD-RjUL)57678
040 _aCSluSP
_cCSluSP
_dBD-RjUL
_beng
041 _aeng
082 0 0 _a302.230973
_223
_bDEA 1996
100 1 _aDearing, James W.
_9170906
245 1 0 _aAgenda-setting /
_cJames W. Dearing, Everett M. Rogers.
260 _aThousand Oaks, Calif. :
_bSage,
_cc1996.
300 _ax, 139 p. :
_bill. ;
_c22 cm.
504 _aIncludes bibliographical references (p. 101-128) and indexes.
650 0 _aMass media
_xPolitical aspects
_zUnited States.
_9170908
700 1 _aRogers, Everett M.
_9170909
830 _aCommunication concepts ;
_v6
_9170910
942 _2ddc
_cBK
999 _c57554
_d57554